| 000 | 01261cam a2200349 a 4500 | ||
|---|---|---|---|
| 001 | 15044921 | ||
| 003 | ARRUPE | ||
| 005 | 20160303150606.0 | ||
| 008 | 071015s2007 enk b 001 0 eng | ||
| 010 | _a 2007299661 | ||
| 015 |
_aGBA702387 _2bnb |
||
| 016 | 7 |
_a013639510 _2Uk |
|
| 020 | _a0567045374 (hbk. : alk. paper) | ||
| 020 | _a9780567045379 (hbk. : alk. paper) | ||
| 035 | _a(OCoLC)ocm77796051 | ||
| 040 |
_aUKM _cUKM _dBAKER _dYDXCP _dBTCTA _dIHT _dBWKUK _dBWK _dDLC |
||
| 042 | _alccopycat | ||
| 050 | 0 | 0 |
_aBT198 _b.S68 2007 |
| 082 | 0 | 0 |
_a232.092 _222 |
| 100 | 1 |
_aSpence, Alan. _921607 |
|
| 245 | 1 | 0 |
_aIncarnation and inspiration : _bJohn Owen and the coherence of Christology / _cAlan Spence. |
| 260 |
_aLondon ; _aNew York : _bT & T Clark, _cc2007. |
||
| 300 |
_axiv, 164 p. ; _c24 cm. |
||
| 490 | 0 | _aT & T Clark theology | |
| 504 | _aIncludes bibliographical references (p. [155]-160) and index. | ||
| 600 | 1 | 0 |
_aOwen, John, _d1616-1683. _922745 |
| 600 | 0 | 0 |
_aJesus Christ _xPerson _922746 |
| 600 | 0 | 0 |
_aJesus Christ _xHistory of doctrines _y17th century. _922747 |
| 906 |
_a7 _bcbc _ccopycat _d2 _encip _f20 _gy-gencatlg |
||
| 942 |
_2lcc _cMONOGRAPH |
||
| 999 |
_c124313 _d124313 |
||